| 000 | 00771nam a2200241 u 4500 | ||
|---|---|---|---|
| 005 | 20230920064227.0 | ||
| 008 | 160516s2012 r 000 0 eng d | ||
| 020 | _a9786071121967 | ||
| 035 | _aUPN01000210324 | ||
| 049 | _aCG | ||
| 050 | 4 |
_aLC92 M6 _bB4.3 |
|
| 100 | 1 |
_aBelsasso, Bibiana _939174 |
|
| 245 | 1 | 3 |
_aLa élite y la raza : _bla privatización de la educación / _cBibiana Belsasso, Jorge Fernández Menéndez. |
| 260 |
_aMéxico : _bTaurus, _c2012. |
||
| 300 | _a172 p. | ||
| 440 | 0 | _aPensamiento | |
| 650 | 4 |
_aEducación y Estado _zMéxico _9476 |
|
| 650 | 4 |
_aPRIVATIZACION EN LA EDUCACION - _zMEXICO _925049 |
|
| 650 | 4 |
_aSindicatos de maestros _zMéxico _91680 |
|
| 700 | 1 |
_aFernández Menéndez, Jorge, _ecoaut. |
|
| 905 | _aLibro | ||
| 999 |
_c182425 _d182425 |
||